Fatwa-fatwa mufti kerajaan Johor

Bibliographic Details
Main Author: Syed Alwi Tahir al-Haddad (Author)
Format: Book
Published: Johor Bharu : Bahagian Penerbitan, Jabatan Agama Johor , c1990
Subjects:

MARC

LEADER 00000cam a2200000 7i4500
001 0000004758
005 20201105093000.0
008 021118s1990
090 0 0 |a BP141   |b .A41 
100 0 |a Syed Alwi Tahir al-Haddad ,   |e author 
245 0 0 |a Fatwa-fatwa mufti kerajaan Johor   |c difatwakan oleh Syed Alwi bin Tahir al-Haddad 
260 2 |a Johor Bharu :   |b Bahagian Penerbitan, Jabatan Agama Johor ,   |c c1990 
300 |a viii, 237 p. ;   |c 18 cm. 
501 |a Teks Jawi 
650 0 |a Fatwas 
650 0 |a Islamic law   |z Johor 
999 |a 1000003674   |b Book   |c OPEN SHELF (30 DAYS)   |e Gong Badak Campus 
999 |a 1000003675   |b Book   |c OPEN SHELF (30 DAYS)   |e Gong Badak Campus